Normal view
MARC view
- Frederick G. Keyes
Entry Personal Name
001 - CONTROL NUMBER
- control field: 9001
003 - CONTROL NUMBER IDENTIFIER
- control field: NUST
005 - DATE AND TIME OF LATEST TRANSACTION
- control field: 20180118194246.0
008 - FIXED-LENGTH DATA ELEMENTS
- fixed length control field: 180118|| aca||aabn | a|a d
040 ## - CATALOGING SOURCE
- Original cataloging agency: NUST
- Transcribing agency: NUST
100 ## - HEADING--PERSONAL NAME
- Personal name: Frederick G. Keyes
670 ## - SOURCE DATA FOUND
- Source citation: Work cat.: (NUST)270941: Keenan J H 9000, Thermodynamic Properties of Steam BTU, 1966
